The structure and behaviour of enterprises in the chemical industry and their effects on the trade and development countries
Сохранить в:
| Главный автор: | |
|---|---|
| Формат: | |
| Язык: | Undetermined |
| Опубликовано: |
England
United Nations
1979
|
| Предметы: | |
| Метки: |
Добавить метку
Нет меток, Требуется 1-ая метка записи!
|
| Thư viện lưu trữ: | Trung tâm Học liệu Trường Đại học Cần Thơ |
|---|
| LEADER | 00564nam a2200181Ia 4500 | ||
|---|---|---|---|
| 001 | CTU_81459 | ||
| 008 | 210402s9999 xx 000 0 und d | ||
| 082 | |a 338.8 | ||
| 082 | |b Y58 | ||
| 100 | |a Yates, R. H. | ||
| 245 | 4 | |a The structure and behaviour of enterprises in the chemical industry and their effects on the trade and development countries | |
| 245 | 0 | |c R. H. Yates | |
| 260 | |a England | ||
| 260 | |b United Nations | ||
| 260 | |c 1979 | ||
| 650 | |a Chemical industry | ||
| 904 | |i Trọng Hải | ||
| 980 | |a Trung tâm Học liệu Trường Đại học Cần Thơ | ||